header

The endocrine system in sports and exercise (Record no. 37550)

MARC details
000 -LEADER
fixed length control field 01446nam a22003614a 4500
082 04 - DEWEY DECIMAL CLASSIFICATION NUMBER
Classification number 612.4
245 04 - TITLE STATEMENT
Title The endocrine system in sports and exercise
260 ## - PUBLICATION, DISTRIBUTION, ETC. (IMPRINT)
Place of publication Malden, Mass. :
Name of publisher Blackwell Pub.,
Year of publication 2005.
300 ## - PHYSICAL DESCRIPTION
Number of Pages xiv, 630 p. :
Other physical details ill.
490 1# - SERIES STATEMENT
Series statement The encyclopaedia of sports medicine ;
650 #0 - SUBJECT ADDED ENTRY--TOPICAL TERM
Topical Term Endocrine glands.
Topical Term Exercise
Topical Term Sports
700 1# - ADDED ENTRY--PERSONAL NAME
Personal name Kraemer, William J.,
Personal name Rogol, Alan David,
856 40 - ELECTRONIC LOCATION AND ACCESS
Uniform Resource Identifier http://site.ebrary.com/lib/rucke/Doc?id=10232820

No items available.

© 2026 Rongo University
Contact us: librarian | system librarian | Rongo university